Webshopok szerepe napjainkban az e-kereskedelemben

Bibliográfiai részletek
Szerző: Hajdu Andrea
További közreműködők: Avornicului dr. Mihály Szilárd
Dokumentumtípus: Projektmunka
Kulcsszavak:Webáruház, webshop
e-commerce
E-kereskedelem
Online Access:http://dolgozattar.uni-bge.hu/11620

MARC

LEADER 00000nnm a2200000 i 4500
001 dolg11620
005 20170516161341.0
008 170516suuuu hu o 000 hun d
040 |a BGE Dolgozattár Repozitórium  |b hun 
041 |a hu 
100 1 |a Hajdu Andrea 
245 1 0 |a Webshopok szerepe napjainkban az e-kereskedelemben  |c Hajdu Andrea  |h [elektronikus dokumentum] 
516 |a Project_work 
695 |a Webáruház, webshop 
695 |a e-commerce 
695 |a E-kereskedelem 
700 1 |a Avornicului dr. Mihály Szilárd  |e ths 
856 4 0 |u http://dolgozattar.uni-bge.hu/11620/7/zarodaolgozat_nyilatkozattal.pdf  |z Dokumentum-elérés 
856 4 0 |u http://dolgozattar.uni-bge.hu/11620/8/titkositasi.pdf  |z Dokumentum-elérés